000 01003cab a2200277 4500
001 ABS58822
008 090401t1998 xxu||||| |||| 00| 0 eng d
035 _a(Sirsi) u87190
041 _aeng
245 _aPrefab, the housebuilding Viagra
260 _c1998
350 _a0
490 _aBuilding Homes
_v(06) July 1998, 29-46(11)
520 _aSeries of articles on prefabrication in housebuilding. Considers a number of case studies looking at the use of a steel frame to support a block of flats in Swansea, a cost comparison for a social housing scheme in London and, the construction of a retaining wall using a timber kit. Discusses concrete prefabrication in housebuilding.
650 _aCOST COMPARISON
650 _aHOUSE BUILDING
650 _aPANEL BUILDING
650 _aPILING
650 _aPREFABRICATION
650 _aSOCIAL HOUSING
650 _aSTEEL FRAMES
650 _aTIMBER RETAINING WALL
690 _aBUILT ENVIRONMENT
942 _n0
948 _c03/07/1998
999 _c54973
_d54973